00893 2200265 4500001002100000005001500021035002000036007000300056008004100059020001800100082001100118084001700129100003200146245010200178250002000280300002500300700002900325520013300354600001400487264003600501336002100537337003000558338002300588990001600611INLIS00000000000193320260701105311 a0010-0726000011ta260701 e 0 ind  a9786028188029 a128.46 a128.46 AZH t0 aAzhar Nur TauhidePengarang1 aThe secret of mother organela cinta: Rahasia cinta seorang ibu /cTauhid Nur Azhar, Eman Sulaiman aCetakan pertama a176 Halaman ;c21 cm0 aEman SulaimanePengarang aCinta seorang ibu untuk buah hatinya tak bisa diurai dengan keindahan kata-kata, tidak pula bisa dirangkai dalam definisi makna. 4acinta ibu aJakarta :bMadania Prima,c2010 2rdacontentaTeks 2rdamediaaTanpa Perantara 2rdacarrieraVolume aNM003660/19